000 00639nam a2200241 i 4500
001 C2-0081919
003 PPAK
005 20180727084703.0
008 970429s1993 enka|||| ||||| | eng d
020 _a0304317691
040 _aPPAK
_beng
_cPPAK
_erda
082 0 4 _a823
_223
090 0 0 _a823
_bVER
_dG
100 1 _aVerne, Jules,
_eauthor
245 1 0 _aAround the world in 80 days
264 1 _aLondon :
_bDiamond Books ,
_c1993
300 _a253 pages :
_billustrations ;
_c18 cm
336 _2rdacontent
_atext
337 _2rdamedia
_aunmediated
338 _2rdacarrier
_avolume
650 1 0 _aEnglish fiction
942 _ddc
_cB
999 _c14919
_d14919